00445nam a2200133Ia 4500008004100000100002300041245011500064260005100179300001000230650001100240650002400251650001900275700001700294220216s9999 xx 000 0 und d aVarkey Mariam Lisa 0aPrice risk management and access to finance for rubber growers: The case of price stabilisation fund in Kerala bIndian Journal of Agricultural Economicsc2013 a67-88 aKerala aPrice stabilisation aRubber growers aKumar Pramod